01557nab a22002777a 4500999001500000003000400015005001700019008004100036040000700077100003300084245009500117260007200212300001300284500003900297505050700336505008900843650002600932650002900958650002200987650002901009650003401038650003101072653002001103773014301123942001301266 c6039d6039OSt20260118202836.0190605e xxu||||| |||| 00| 0 spa d cPJ 96164aMoscuzza, Stella Maris13aEl derecho a la desconexión digital y la salud del trabajador /cStella Maris Moscuzza.  aCiudad Autónoma de Buenos Aires :bThomson Reuters La Ley,c2025. ap. 56-72 aCita: TR LALEY AR/DOC/1471/2025.  aSumario: I. Introducción.— II. El tiempo de trabajo y los descansos. Antecedentes normativos.— III. El derecho al descanso laboral y la desconexión digital.— IV. Hiperconectividad y salud del trabajador.— V. Hiperconectividad, violencia del poder empresarial y buenas prácticas empresariales.— VI. El derecho a la desconexión digital como garante del bienestar laboral.— VII. El derecho a la desconexión y la negociación colectiva.— VIII. Conclusiones.— IX. Bibliografía.  t¿Te interesa el texto completo? Solicitalo al correo: koha@justierradelfuego.gov.ar 091316aDERECHO LABORAL 09273aDERECHO INFORMATICO 094439aTELETRABAJO 091402aJORNADA DE TRABAJO 091570aDERECHOS DEL TRABAJADOR 091361aSALUD DEL TRABAJADOR aDESCANSO DIARIO0 0271193168dCiudad Autónoma de Buenos Aires : Thomson Reuters La Ley, 1999-2002.tRevista de derecho del trabajo. Nº 6 - Noviembre 2025 2udccANA